| 000 | 01185nam a2200217Ia 4500 | ||
|---|---|---|---|
| 003 | GCL | ||
| 005 | 20240530105111.0 | ||
| 008 | 140319s9999 xx 000 0 ara d | ||
| 040 |
_aGCL / _cGCL |
||
| 082 | 0 | 4 |
_a235.2 _bن ص |
| 100 | 1 | _aمسلم ، الامام ابو الحسن مسلم بن الحجاج بن مسلم بن ورد بن كرشان القشيرى النيسابورى | |
| 245 | 1 | 0 |
_aصحيح مسلم بشرح النووى / _cمسلم ، الامام ابو الحسن مسلم بن الحجاج بن مسلم بن ورد بن كرشان القشيرى النيسابورى ؛ شرح النووى ، ابو زكريا يحيى بن شرق بن مرى بن حسن الخزامى الحورانى الشافعى |
| 260 |
_a[S.N] : _bدار الغد العربى ، _c1987 |
||
| 300 |
_a8 جزء ؛ _c24 سم |
||
| 650 | 0 | 4 | _aفقه اسلامى |
| 650 | 0 | 4 | _aصحيح مسلم |
| 650 | 0 | 4 | _aالحديث - صحيح مسلم |
| 700 | 1 |
_aالنووى ، ابو زكريا يحيى بن شرق بن مرى بن حسن الخزامى الحورانى الشافعى _eشارح |
|
| 700 | 0 |
_aعبدالمعطى امين قلعجى _eمحقق |
|
| 942 |
_2ddc _cBK |
||
| 999 |
_c53159 _d53159 |
||